000 01161cam a2200277 a 4500
001 000014454
005 20200929163843.0
008 780814s1976 mx b f000 0 spa
040 _aDO-SdBNP
_cDLC
_dDLC
_dBNPHU
043 _an-mx---
082 _a306.8972
_bA778m
100 1 _aArrom, Silvia M.
_932625
245 1 3 _aLa mujer mexicana ante el divorcio eclesiástico (1800-1857) /
_cSilvia M. Arrom ; edición Luis Manuel Layna.
260 _aMéxico :
_bSecretaria de Educación Pública,
_bDirección General de Divulgación,
_c1976.
300 _a222 p. ;
_c17 cm.
490 1 _aSepSetentas
_v251
500 _a"Parte de un estudio más general ... que constituye la tesis de la autora para obtener el doctorado de la Universidad de Stanford."
500 _a"Selecciones de juicios de divorcio": p. 63-222.
504 _aIncluye referencias bibliográficas y notas al pie de las páginas.
650 4 _aDivorcio
_xHistoria
_zMéxico
_932626
650 4 _aMujeres
_xCondiciones sociales
_zMéxico
_926713
700 1 _aLayna, Luis Manuel,
_eed.
_932627
830 0 _aSepSetentas ;
_v251
_98937
910 _aCatalogación por copia / LC
049 _aBNGR
999 _c14043
_d14043